000 00557nam a22001817a 4500
003 0
005 20241019104745.0
008 241019b xxu||||| |||| 00| 0 eng d
020 _a9781647285586
050 _aQA 76.9
_b.M66 2024
100 _aMoore, Daniel,
_eauthor.
245 _aHuman-computer interaction :
_bfundamentals and practice /
_cDaniel Moore.
260 _aForest Hills, NY :
_bWillford Press,
_c2024.
300 _avii, 230 p. :
_bcol. ill. ;
_c27 cm.
504 _aIncludes index.
650 _aHuman-computer interaction.
942 _2lcc
_cBK
999 _c366594
_d366594